000 01528cam a22003617a 4500
001 15971627
003 OSt
005 20240625153219.0
008 091103s2010 enka b 001 0 eng
010 _a 2009940639
015 _aGBB005039
_2bnb
016 7 _a015462859
_2Uk
020 _a9781847209498 (hbk.)
020 _a1847209491 (hbk.)
035 _a(OCoLC)ocn424554828
040 _aUKM
_cmust
_dBTCTA
_dYDXCP
_dCDX
_dBWX
_dEUM
_dTULIB
_dDLC
042 _aukblcatcopy
_alccopycat
050 0 0 _aHD62.37
_b.H346 2010
082 0 4 _a338.04 HAN 2010
_222
245 0 0 _aHandbook of research on high-technology entrepreneurs /
_cedited by A. Malach-Pines and M.F. Özbilgin.
260 _aCheltenham, UK ;
_aNorthampton, MA :
_bEdward Elgar,
_cc2010.
300 _aix, 406 p. :
_bill. ;
_c24 cm.
504 _aIncludes bibliographical references and index.
520 8 _aThis comprehensive handbook presents an extensive overview of empirical and conceptual developments in the study of high-tech entrepreneurs from an interdisciplinary and multinational perspective.--
_cSource other than Library of Congress.
650 0 _aEntrepreneurship.
_96831
650 0 _aHigh technology industries
_xManagement.
_917872
650 0 _aTechnological innovations
_xManagement.
_911801
700 1 _aMalakh-Pines, Ayala.
_917873
700 1 _aÖzbilgin, Mustafa.
_917874
906 _a7
_bcbc
_ccopycat
_d2
_encip
_f20
_gy-gencatlg
942 _2ddc
_cO_SHELF
999 _c8844
_d8844